La entrevista exitosa. 100 preguntas y cómo responderlas
-д хадгалсан:
| Үндсэн зохиолч: | |
|---|---|
| Формат: | Ном |
| Хэл сонгох: | испани |
| Хэвлэсэн: |
Buenos Aires
Granica
2005
|
| Нөхцлүүд: | |
| Шошгууд: |
Шошго нэмэх
Шошго байхгүй, Энэхүү баримтыг шошголох эхний хүн болох!
|
MARC
| LEADER | 00000nam a2200000 a 4500 | ||
|---|---|---|---|
| 001 | UCI2593 | ||
| 003 | CL-VaPUC | ||
| 008 | 070831e20050000AG |||||||||||||||||spa|d | ||
| 020 | |a 9506414424 | ||
| 082 | 0 | 4 | |a 658.311 |b ALL |2 21 |
| 100 | |a Alles, Martha Alicia |e autora |9 254834 | ||
| 245 | 1 | 3 | |a La entrevista exitosa. 100 preguntas y cómo responderlas |
| 300 | |a 92 p | ||
| 942 | |c BK | ||
| 945 | |d 20070831 00:00:00 |a rbrito | ||
| 260 | |a Buenos Aires |b Granica |c 2005 | ||
| 650 | 7 | |a ENTREVISTA PARA CONTRATAR |2 CL-VaPUC |9 343746 | |
| 650 | 7 | |a SELECCION DEL PERSONAL |2 CL-VaPUC |9 324534 | |
| 650 | 0 | |a Trabajo y empleo |9 315054 | |
| 650 | 0 | |a Entrevistas |9 265537 | |
| 650 | 7 | |a TRABAJO DE INVESTIGACION |2 CL-VaPUC |9 334804 | |
| 650 | 0 | |a Empleo |9 339124 | |
| 650 | 7 | |a CONDICIONES DE EMPLEO |2 CL-VaPUC |9 342232 | |
| 650 | 7 | |a OPORTUNIDADES DE EMPLEO |2 CL-VaPUC |9 523634 | |
| 583 | |a last modification |c 20070831 00:00:00 |k Rodrigo Vera | ||
| 999 | |c 327082 |d 327080 | ||
| 952 | |0 0 |1 0 |4 0 |6 658_311000000000000_ALL_2005 |7 0 |8 A |9 409490 |a BIBING |b BIBING |d 2019-11-22 |i 4368401 |o 658.311 ALL 2005 |p 4368401 |r 2025-01-20 |w 2019-11-22 |y BK |k EII | ||